01249nam a2200217 i 4500001000300000245015200003260004600155300002800201490024900229500017200478504002200650650002000672650003900692655002900731830008900760040000800849041001300857080002200870008004100892856009800933bg00aPojazdy szynowe 2002 :bnowe wyzwania i technologie dla logistyki T.1 : XV Konferencja naukowo-techniczna, Szklarska Poręba, 4-7 września 2002. aWrocław :bOficyna Wydawnicza PW,c2002. a380 s. :bil. ;c24 cm.1 aPrace Naukowe Instytutu Konstrukcji i Eksploatacji Maszyn Politechniki Wrocławskiej =aScientific Papers of the Institute of Machine Design and Operation of the Wrocław University of Technology =aKonferencje. Conferences,x0324-9646 ;vnr 26 aTyt. równol.: XV Scientific-Technological Conference Rail-vehicles 2002: new challenges and technologies in logistics. Nr serii gł.: 86 . - Streszcz. ang. przy ref. aBibliogr. po ref. 9aPojazdy szynowe 9aLogistyka gospodarczaxzagadnienia aMateriały konferencyjne 0aPrace Naukowe Instytutu Konstrukcji i Eksploatacji Maszyn Politechniki Wrocławskiej cBPK0 apolheng a629.4:656.2](061) s pl f |000 0 pol  uhttp://koha.tu.koszalin.pl/cgi-bin/koha/opac-detail.pl?biblionumber=42489yKatalog online BPK